| 000 | 00349nam a2200145Ia 4500 | ||
|---|---|---|---|
| 008 | 230312s9999||||xx |||||||||||||| ||und|| | ||
| 082 |
_a330 _bNAS-E |
||
| 100 | _aNasir,M.Saeed | ||
| 245 | 0 | _aEconomics | |
| 260 |
_bIlmi Kitab Khana _aPakistan _c2009 |
||
| 300 | _a479 | ||
| 546 | _aEng. | ||
| 650 |
_aEconomics _vMicro & Macro Economics |
||
| 942 | _cBK | ||
| 999 |
_c2528 _d2528 |
||